[Event "Caribbean-ch (Women)"]
[Site "Carolina"]
[Date "2023.10.30"]
[Round "8"]
[White "Ortez, Andrea"]
[Black "Shariff, Sasha Christina"]
[Result "1-0"]
[WhiteElo "1918"]
[BlackElo "1263"]
[PlyCount "55"]
[EventDate "2023.10.25"]
[EventType "swiss"]
[EventRounds "9"]
[EventCountry "PUR"]
[SourceTitle "CB48_2023"]
[SourceDate "2023.11.29"]
[SourceVersion "1"]
[SourceVersionDate "2023.11.29"]
[SourceQuality "1"]

1. e4 e5 2. Nf3 Nc6 3. Bb5 Nf6 4. Qe2 Nd4 5. Nxd4 exd4 6. e5 Nd5 7. Bc4 c6 8. Bxd5 cxd5 9. 0-0 Be7 10. Qg4 0-0 11. Qxd4 Qa5 12. Nc3 Qc5 13. Qxd5 Qxd5 14. Nxd5 Bc5 15. c3 Bb6 16. Nxb6 axb6 17. d4 f6 18. Re1 fxe5 19. Rxe5 d6 20. Re7 Ra5 21. c4 Raf5 22. Be3 d5 23. cxd5 Rxd5 24. Rc1 Rfd8 25. Rcc7 R5d7 26. Rxc8 Rxc8 27. Rxd7 Rc2 28. g3 1-0

[Event "Caribbean-ch (Women)"]
[Site "Carolina"]
[Date "2023.10.25"]
[Round "1"]
[White "Ortez, Andrea"]
[Black "Juarez Garcia, Daniela"]
[Result "1-0"]
[WhiteElo "1918"]
[BlackElo "1577"]
[PlyCount "67"]
[EventDate "2023.10.25"]
[EventType "swiss"]
[EventRounds "9"]
[EventCountry "PUR"]
[SourceTitle "CB48_2023"]
[SourceDate "2023.11.29"]
[SourceVersion "1"]
[SourceVersionDate "2023.11.29"]
[SourceQuality "1"]

1. e4 e5 2. Nf3 Nc6 3. Bb5 a6 4. Ba4 b5 5. Bb3 Bc5 6. c3 Bb6 7. d4 Qe7 8. 0-0 Nf6 9. Bd5 Bb7 10. dxe5 Ng4 11. Bf4 0-0-0 12. a4 Ncxe5 13. Bxb7+ Kxb7 14. axb5 axb5 15. Nxe5 Nxe5 16. Qd5+ Nc6 17. Qxb5 Ra8 18. Nd2 Qc5 19. Qe2 Rhe8 20. Nb3 Qe7 21. Qb5 d6 22. Rfe1 f6 23. h3 g5 24. Bg3 h5 25. Nd4 Nxd4 26. cxd4 c6 27. Qb4 Rxa1 28. Rxa1 Qxe4 29. Qxd6 Qxd4 30. Qa3 Qc4 31. b4 h4 32. Bd6 Qe2 33. Bc5 Qb5 34. Rd1 1-0

[Event "Titled Tuesday intern op 31st Jan Late"]
[Site "Chess.com INT"]
[Date "2023.01.31"]
[Round "4"]
[White "Gallasch, Jonas"]
[Black "Ortez, Andrea"]
[Result "1-0"]
[WhiteElo "2302"]
[BlackElo "1923"]
[PlyCount "37"]
[EventDate "2023.01.31"]
[EventType "swiss (blitz)"]
[EventRounds "11"]
[EventCountry "USA"]
[SourceTitle "CBM 212 Extra"]
[Source "ChessBase"]
[SourceDate "2023.03.31"]
[SourceVersion "1"]
[SourceVersionDate "2023.03.31"]
[SourceQuality "1"]

1. d4 d5 2. c4 e6 3. Nc3 Nf6 4. cxd5 exd5 5. Bg5 c6 6. e3 Be7 7. Bd3 h6 8. Bh4 0-0 9. Qc2 Re8 10. Nf3 Ne4 11. Bxe4 dxe4 12. Qxe4 Bxh4 13. Qxh4 Qb6 14. 0-0 Qxb2 15. Rfc1 Qb4 16. Rab1 Qa5 17. Ne5 c5 18. Qf4 Be6 19. d5 1-0

[Event "Titled Tuesday intern op 31st Jan Late"]
[Site "Chess.com INT"]
[Date "2023.01.31"]
[Round "5"]
[White "Kujawski, Adam"]
[Black "Ortez, Andrea"]
[Result "1-0"]
[WhiteElo "2191"]
[BlackElo "1923"]
[PlyCount "65"]
[EventDate "2023.01.31"]
[EventType "swiss (blitz)"]
[EventRounds "11"]
[EventCountry "USA"]
[SourceTitle "CBM 212 Extra"]
[Source "ChessBase"]
[SourceDate "2023.03.31"]
[SourceVersion "1"]
[SourceVersionDate "2023.03.31"]
[SourceQuality "1"]

1. e4 c5 2. Nf3 Nc6 3. Nc3 g6 4. Bb5 Bg7 5. 0-0 Nd4 6. Nxd4 cxd4 7. Ne2 a6 8. Ba4 b5 9. Bb3 Bb7 10. d3 d6 11. c3 dxc3 12. Nxc3 e6 13. Be3 Ne7 14. Qd2 0-0 15. Bh6 d5 16. Bxg7 Kxg7 17. Rad1 dxe4 18. dxe4 Nc6 19. Qf4 Qe7 20. e5 Rad8 21. Ne4 Na5 22. Nd6 Nxb3 23. axb3 Bd5 24. Rd3 h5 25. Re1 Rd7 26. Qg3 Rc7 27. Rxd5 Rc2 28. Rd3 Rxb2 29. Qf4 Rd8 30. h4 Rd7 31. Rf3 Rc7 32. Ne4 b4 33. Ng5 1-0

[Event "Titled Tuesday intern op 31st Jan Late"]
[Site "Chess.com INT"]
[Date "2023.01.31"]
[Round "11"]
[White "Okeke, Isaac Chukwudalu"]
[Black "Ortez, Andrea"]
[Result "1-0"]
[WhiteElo "2194"]
[BlackElo "1923"]
[PlyCount "99"]
[EventDate "2023.01.31"]
[EventType "swiss (blitz)"]
[EventRounds "11"]
[EventCountry "USA"]
[SourceTitle "CBM 212 Extra"]
[Source "ChessBase"]
[SourceDate "2023.03.31"]
[SourceVersion "1"]
[SourceVersionDate "2023.03.31"]
[SourceQuality "1"]

1. e4 c5 2. Nf3 Nc6 3. d4 cxd4 4. Nxd4 g6 5. Nc3 Bg7 6. Be3 Nf6 7. Nxc6 bxc6 8. Bc4 0-0 9. 0-0 d6 10. h3 Qc7 11. Qe2 Rb8 12. Rab1 Nd7 13. f4 Nb6 14. Bd3 c5 15. Nb5 Qd7 16. b3 a6 17. Na3 a5 18. Rbd1 Qc7 19. Nb5 Qb7 20. c4 Bd7 21. a4 Bxb5 22. cxb5 Rbc8 23. Qc2 Rfd8 24. Bc4 e6 25. f5 d5 26. fxe6 fxe6 27. exd5 exd5 28. Be2 d4 29. Bc4+ Kh8 30. Rf7 Rc7 31. Rxc7 Qxc7 32. Bg5 Rf8 33. Re1 Bf6 34. Bh6 Bg7 35. Qd2 Nxc4 36. bxc4 Qf7 37. Bxg7+ Kxg7 38. Kh1 Re8 39. Rxe8 Qxe8 40. Qxa5 d3 41. Qc3+ Kh6 42. Qd2+ Kg7 43. Qxd3 Qe1+ 44. Kh2 Qe5+ 45. Qg3 Qd4 46. b6 Qxc4 47. b7 Qxa4 48. b8Q Kh6 49. Qf8+ Kh5 50. Qgf3+ 1-0

[Event "Titled Tuesday intern op 31st Jan Late"]
[Site "Chess.com INT"]
[Date "2023.01.31"]
[Round "6"]
[White "Ortez, Andrea"]
[Black "Itkis, Boris"]
[Result "0-1"]
[WhiteElo "1923"]
[BlackElo "2329"]
[PlyCount "84"]
[EventDate "2023.01.31"]
[EventType "swiss (blitz)"]
[EventRounds "11"]
[EventCountry "USA"]
[SourceTitle "CBM 212 Extra"]
[Source "ChessBase"]
[SourceDate "2023.03.31"]
[SourceVersion "1"]
[SourceVersionDate "2023.03.31"]
[SourceQuality "1"]

1. e4 c6 2. d4 d5 3. exd5 cxd5 4. c4 Nf6 5. Nc3 g6 6. Qb3 Bg7 7. cxd5 0-0 8. g3 Nbd7 9. Bg2 Nb6 10. Nge2 Bg4 11. Nf4 g5 12. Nd3 h6 13. Be3 Rc8 14. 0-0 Nc4 15. Ne5 Nd6 16. Rfe1 Bf5 17. Rad1 Ng4 18. h3 Nxe5 19. dxe5 Bxe5 20. Bxa7 Bf6 21. Bd4 Bxd4 22. Rxd4 Qa5 23. Rxe7 b5 24. h4 b4 25. Rxb4 Bc2 26. Qa3 Qc5 27. hxg5 hxg5 28. Rg4 Qxa3 29. Rxg5+ Bg6 30. bxa3 Rxc3 31. Rd7 Nc4 32. Be4 Nd2 33. Bxg6 Nf3+ 34. Kg2 Nxg5 35. Bh5 Rxa3 36. f4 Ne4 37. Bf3 Rxa2+ 38. Kh3 Nf2+ 39. Kg2 Ng4+ 40. Kh3 Nf6 41. Re7 Kg7 42. Re5 Rh8+ 0-1

[Event "Carlos Torre Memorial op 32nd"]
[Site "Merida"]
[Date "2022.12.21"]
[Round "9"]
[White "Gongora Montes, Benjamin"]
[Black "Ortez, Andrea"]
[Result "1-0"]
[WhiteElo "2209"]
[BlackElo "1911"]
[PlyCount "99"]
[EventDate "2022.12.16"]
[EventType "swiss"]
[EventRounds "9"]
[EventCountry "MEX"]
[SourceTitle "CBM 212 Extra"]
[Source "ChessBase"]
[SourceDate "2023.03.31"]
[SourceVersion "1"]
[SourceVersionDate "2023.03.31"]
[SourceQuality "1"]

1. d4 e6 2. Nf3 d5 3. Bg5 Be7 4. h4 h6 5. Bf4 Nf6 6. e3 c5 7. c3 Nc6 8. Nbd2 a6 9. Bd3 b5 10. Ne5 Bb7 11. Qf3 cxd4 12. exd4 b4 13. Nxc6 Bxc6 14. c4 Bd6 15. Bxd6 Qxd6 16. c5 Qd7 17. Rh3 Ke7 18. h5 Bb5 19. 0-0-0 Bxd3 20. Qxd3 Qa4 21. Qg3 Rad8 22. Qb3 Qxb3 23. Nxb3 Rb8 24. Rg1 Rb5 25. g4 Ne4 26. f3 Ng5 27. Rhg3 a5 28. Re1 Ra8 29. Kd2 a4 30. Nc1 Rbb8 31. Nd3 f6 32. Nf2 Ra6 33. f4 Nf7 34. Nd3 Kd7 35. Rge3 Rc6 36. f5 Ng5 37. Nf4 Ne4+ 38. Rxe4 dxe4 39. fxe6+ Rxe6 40. Nxe6 Kxe6 41. Rxe4+ Kd5 42. Kd3 Rg8 43. Re7 g6 44. Rd7+ Ke6 45. c6 gxh5 46. d5+ Ke5 47. c7 hxg4 48. Rd8 Rg5 49. c8Q g3 50. Qe6+ 1-0

[Event "Carlos Torre Memorial op 32nd"]
[Site "Merida"]
[Date "2022.12.16"]
[Round "1"]
[White "Miranda Llanes, Yerisbel"]
[Black "Ortez, Andrea"]
[Result "1-0"]
[WhiteElo "2283"]
[BlackElo "1911"]
[PlyCount "133"]
[EventDate "2022.12.16"]
[EventType "swiss"]
[EventRounds "9"]
[EventCountry "MEX"]
[SourceTitle "CBM 212 Extra"]
[Source "ChessBase"]
[SourceDate "2023.03.31"]
[SourceVersion "1"]
[SourceVersionDate "2023.03.31"]
[SourceQuality "1"]

1. d4 d5 2. c4 e6 3. Nc3 Nf6 4. cxd5 exd5 5. Bg5 c6 6. e3 Be7 7. Bd3 Nbd7 8. h3 Ne4 9. Bxe7 Qxe7 10. Bxe4 dxe4 11. Nge2 0-0 12. 0-0 Nb6 13. a4 Nc4 14. Qc2 Nd6 15. Nf4 Bf5 16. b4 Rac8 17. a5 Rfe8 18. Na4 Qh4 19. Qe2 Be6 20. Rfc1 Nf5 21. Qh5 Qxh5 22. Nxh5 Nd6 23. Nf4 Bc4 24. Nc5 Bb5 25. Rc3 Re7 26. Rac1 Rd8 27. Nb3 h6 28. f3 Rde8 29. Kf2 exf3 30. gxf3 Nf5 31. Ng2 Ba4 32. Nc5 Bb5 33. Ne4 Rd8 34. h4 h5 35. Rd1 g6 36. Ng3 Nd6 37. Nf4 Nc4 38. Rdc1 Nd6 39. Rd1 Nc4 40. Ne4 Rc7 41. Rdc1 Nd6 42. Ng3 Rcc8 43. e4 b6 44. axb6 axb6 45. e5 Nb7 46. d5 c5 47. Ne4 Ra8 48. bxc5 bxc5 49. Nxc5 Nxc5 50. Rxc5 Ba4 51. Ra1 Re8 52. d6 Bd7 53. Re1 Rad8 54. Nd5 Kg7 55. Nc7 Rh8 56. Rb1 Bf5 57. Rb7 Rb8 58. Rcb5 Rxb7 59. Rxb7 Rc8 60. Ke3 Kf8 61. Kd4 Bh3 62. f4 Bg2 63. Rb2 Bh3 64. Kd5 Bg4 65. Kc6 Bf3+ 66. Kd7 Bg4+ 67. e6 1-0

[Event "Olympiad Women-44"]
[Site "Chennai"]
[Date "2022.08.09"]
[Round "11.1"]
[White "Ortez, Andrea"]
[Black "Miller, Rachel"]
[Result "0-1"]
[WhiteElo "1908"]
[BlackElo "1961"]
[PlyCount "86"]
[EventDate "2022.07.29"]
[EventType "team-swiss"]
[EventRounds "11"]
[EventCountry "IND"]
[SourceTitle "CBM 210"]
[Source "ChessBase"]
[SourceDate "2022.10.31"]
[SourceVersion "1"]
[SourceVersionDate "2022.10.31"]
[SourceQuality "1"]
[WhiteTeam "El Salvador (W)"]
[BlackTeam "Jamaica (W)"]
[WhiteTeamCountry "ESA"]
[BlackTeamCountry "JAM"]

1. e4 e5 2. Nf3 Nc6 3. Bb5 a6 4. Ba4 Nf6 5. Qe2 b5 6. Bb3 Bc5 7. c3 0-0 8. 0-0 d6 9. Rd1 Bb6 10. d3 h6 11. h3 Re8 12. Nbd2 Be6 13. Bc2 d5 14. Nf1 d4 15. Ng3 Bc5 16. Nh4 Bf8 17. Ngf5 Kh7 18. Nf3 g6 19. Ng3 Qd6 20. cxd4 Nxd4 21. Nxd4 Qxd4 22. Be3 Qxb2 23. d4 Bc4 24. Qf3 Qxc2 25. Qxf6 Bg7 26. Qh4 exd4 27. Rxd4 c5 28. Rd2 Qc3 29. Rad1 Be6 30. Ne2 Qe5 31. f3 Rac8 32. Qf2 c4 33. Bd4 Qc7 34. Bxg7 Kxg7 35. Qd4+ Kh7 36. Qf6 Qe7 37. Qf4 c3 38. Rc2 b4 39. Nd4 Red8 40. Kh2 Qg5 41. Nxe6 Qxf4+ 42. Nxf4 Rxd1 43. Nd5 a5 0-1

[Event "Olympiad Women-44"]
[Site "Chennai"]
[Date "2022.08.01"]
[Round "4.1"]
[White "Nilssen, Ellen Fredericia"]
[Black "Ortez, Andrea"]
[Result "1-0"]
[WhiteElo "2142"]
[BlackElo "1908"]
[PlyCount "83"]
[EventDate "2022.07.29"]
[EventType "team-swiss"]
[EventRounds "11"]
[EventCountry "IND"]
[SourceTitle "CBM 210"]
[Source "ChessBase"]
[SourceDate "2022.10.31"]
[SourceVersion "1"]
[SourceVersionDate "2022.10.31"]
[SourceQuality "1"]
[WhiteTeam "Denmark (W)"]
[BlackTeam "El Salvador (W)"]
[WhiteTeamCountry "DEN"]
[BlackTeamCountry "ESA"]

1. d4 d5 2. c4 e6 3. Nc3 Nf6 4. cxd5 exd5 5. Bg5 c6 6. e3 Be7 7. Bd3 Nbd7 8. h3 Nf8 9. Nf3 Ne6 10. Bh4 g6 11. 0-0 0-0 12. Ne5 Ng7 13. g4 Nd7 14. Bg3 Nxe5 15. Bxe5 Bd6 16. Bxd6 Qxd6 17. f4 f5 18. g5 Qe7 19. Qf3 Ne8 20. Rf2 Nd6 21. Rh2 Be6 22. h4 Rae8 23. Re1 Kg7 24. Kf2 Ne4+ 25. Bxe4 dxe4 26. Qe2 Qb4 27. Qd2 a5 28. Kg3 Rh8 29. a3 Qb3 30. h5 Bf7 31. h6+ Kf8 32. d5 Qc4 33. dxc6 Qxc6 34. Qd4 Rg8 35. Rd2 Bc4 36. Rc1 Qe6 37. Qc5+ Re7 38. Rd6 b6 39. Qxb6 Qc8 40. Rd8+ Qxd8 41. Qxd8+ Kf7 42. Qd4 1-0

[Event "American Continental 16th"]
[Site "San Salvador"]
[Date "2022.05.03"]
[Round "2"]
[White "Ortez, Andrea"]
[Black "Vasquez Vasquez, Marielos"]
[Result "0-1"]
[WhiteElo "1886"]
[BlackElo "1624"]
[PlyCount "54"]
[EventDate "2022.05.02"]
[EventType "swiss"]
[EventRounds "11"]
[EventCountry "ESA"]
[SourceTitle "EXT 2023"]
[Source "ChessBase"]
[SourceDate "2022.10.05"]
[SourceVersion "1"]
[SourceVersionDate "2022.10.05"]
[SourceQuality "1"]

1. e4 c5 2. d4 cxd4 3. c3 d5 4. exd5 Qxd5 5. cxd4 Nc6 6. Nf3 e5 7. Nc3 Bb4 8. Bd2 Bxc3 9. Bxc3 e4 10. Ne5 Nxe5 11. dxe5 Ne7 12. Qe2 Bd7 13. Rd1 Qe6 14. Qxe4 Bc6 15. Qb4 0-0 16. Bc4 Qg6 17. Qxe7 Qxg2 18. Rf1 Qe4+ 19. Kd2 Qxc4 20. Qb4 Rfd8+ 21. Ke3 Qe6 22. Rxd8+ Rxd8 23. Rg1 Qf5 24. Rg3 Rd3+ 25. Ke2 Bf3+ 26. Rxf3 Qxf3+ 27. Kf1 Qh1+ 0-1

[Event "Online Olym Div2 E"]
[Site "Chess.com INT"]
[Date "2021.09.04"]
[Round "8.4"]
[White "Ortez, Andrea"]
[Black "Mencos, Claudia"]
[Result "1/2-1/2"]
[WhiteElo "1969"]
[BlackElo "1977"]
[PlyCount "92"]
[EventDate "2021.09.02"]
[EventType "team (rapid)"]
[EventRounds "9"]
[EventCountry "USA"]
[SourceTitle "CBM 204 Extra"]
[Source "ChessBase"]
[SourceDate "2021.11.30"]
[SourceVersion "1"]
[SourceVersionDate "2021.11.30"]
[SourceQuality "1"]
[WhiteTeam "El Salvador"]
[BlackTeam "Guatemala"]
[WhiteTeamCountry "ESA"]
[BlackTeamCountry "GUA"]

1. e4 c5 2. c3 d5 3. exd5 Qxd5 4. d4 Nf6 5. Nf3 Nc6 6. Na3 a6 7. Nc4 cxd4 8. Nxd4 Nxd4 9. Qxd4 Qxd4 10. cxd4 Bf5 11. Be2 Be4 12. 0-0 e6 13. a3 Be7 14. Re1 Bc6 15. Ne5 Bd5 16. Bc4 Bxc4 17. Nxc4 Nd5 18. Ne3 Rd8 19. Rd1 0-0 20. Nxd5 Rxd5 21. Be3 h6 22. Rac1 Rfd8 23. Rc2 Bf6 24. Rcd2 Bg5 25. Kf1 Bf6 26. Ke2 e5 27. dxe5 Rxd2+ 28. Rxd2 Rxd2+ 29. Bxd2 Bxe5 30. b3 Kf8 31. Bb4+ Ke8 32. h3 Kd7 33. Kd3 Bd6 34. Bxd6 Kxd6 35. Kd4 b6 36. a4 f5 37. b4 g5 38. g4 f4 39. f3 Ke6 40. Ke4 a5 41. bxa5 bxa5 42. Kd4 Kd6 43. Kc4 Kc6 44. Kd4 Kd6 45. Kc4 Kc6 46. Kd4 Kd6 1/2-1/2

[Event "Online Olym Div2 E"]
[Site "Chess.com INT"]
[Date "2021.09.03"]
[Round "5.1"]
[White "Ortez, Andrea"]
[Black "Franco Valencia, Angela Maria"]
[Result "0-1"]
[WhiteElo "1969"]
[BlackElo "2089"]
[PlyCount "80"]
[EventDate "2021.09.02"]
[EventType "team (rapid)"]
[EventRounds "9"]
[EventCountry "USA"]
[SourceTitle "CBM 204 Extra"]
[Source "ChessBase"]
[SourceDate "2021.11.30"]
[SourceVersion "1"]
[SourceVersionDate "2021.11.30"]
[SourceQuality "1"]
[WhiteTeam "El Salvador"]
[BlackTeam "Colombia"]
[WhiteTeamCountry "ESA"]
[BlackTeamCountry "COL"]

1. e4 e5 2. Nf3 Nc6 3. Bb5 a6 4. Ba4 d6 5. c3 Bd7 6. d3 g6 7. Qe2 Bg7 8. 0-0 Nf6 9. Rd1 0-0 10. Nbd2 Nh5 11. Nf1 Nd4 12. cxd4 Bxa4 13. b3 Bb5 14. a4 Bd7 15. dxe5 dxe5 16. Ng3 Nf4 17. Qc2 Bg4 18. Be3 Bxf3 19. gxf3 Qh4 20. Bxf4 exf4 21. Ne2 Bxa1 22. Rxa1 c6 23. Qc5 Rad8 24. d4 Qh3 25. Qc3 g5 26. Rd1 Rd6 27. Qd3 Rh6 28. Nc3 Rh4 29. Ne2 Qxh2+ 30. Kf1 g4 31. Ng1 g3 32. fxg3 Qxg3 33. Rd2 Rh2 34. Rxh2 Qxh2 35. Ne2 Kh8 36. d5 Rg8 37. Qd4+ Rg7 38. d6 Qh1+ 39. Kf2 Kg8 40. Nxf4 Qg1+ 0-1

[Event "Online Olym Div3 E"]
[Site "Chess.com INT"]
[Date "2021.08.29"]
[Round "9.3"]
[White "Ortez, Andrea"]
[Black "Ayiku, Angela Naa Amerley"]
[Result "1-0"]
[WhiteElo "1969"]
[BlackElo "1393"]
[PlyCount "113"]
[EventDate "2021.08.27"]
[EventType "team-tourn (rapid)"]
[EventRounds "9"]
[EventCountry "USA"]
[SourceTitle "CBM 204 Extra"]
[Source "ChessBase"]
[SourceDate "2021.11.30"]
[SourceVersion "1"]
[SourceVersionDate "2021.11.30"]
[SourceQuality "1"]
[WhiteTeam "El Salvador"]
[BlackTeam "Ghana"]
[WhiteTeamCountry "ESA"]
[BlackTeamCountry "GHA"]

1. e4 c5 2. c3 g6 3. d4 cxd4 4. cxd4 Bg7 5. Nc3 d6 6. h3 a6 7. a4 Nc6 8. Nf3 Nf6 9. d5 Na7 10. Be3 0-0 11. Bd3 Qa5 12. 0-0 Bd7 13. Qd2 Qc7 14. Rfc1 Qd8 15. a5 Nb5 16. Nxb5 Bxb5 17. Bb6 Qb8 18. Rc7 Re8 19. Rac1 Nd7 20. Bxb5 axb5 21. Rxd7 Rc8 22. Rxc8+ Qxc8 23. Rd8+ Qxd8 24. Bxd8 Rxd8 25. Qd3 Bxb2 26. Qxb5 Bc3 27. Qxb7 Bxa5 28. Qxe7 Rc8 29. Ng5 Rc7 30. Qxd6 Rc1+ 31. Kh2 Bc7 32. Qxc7 Rxc7 33. e5 Rc5 34. Ne4 Rxd5 35. Nf6+ Kf8 36. Nxd5 Ke8 37. Nf6+ Ke7 38. Nxh7 Ke6 39. f4 Kf5 40. Kg3 Ke6 41. Kf3 Kf5 42. g4+ Ke6 43. Ng5+ Ke7 44. Ke4 f6 45. exf6+ Kxf6 46. h4 Kg7 47. Ke5 Kh6 48. f5 gxf5 49. Kxf5 Kg7 50. Nf3 Kh6 51. g5+ Kg7 52. h5 Kh7 53. h6 Kg8 54. Kg6 Kh8 55. Ne5 Kg8 56. h7+ Kh8 57. Nf7# 1-0

[Event "Online Olym Div3 E"]
[Site "Chess.com INT"]
[Date "2021.08.28"]
[Round "4.1"]
[White "Vazquez Maccarini, Danitza"]
[Black "Ortez, Andrea"]
[Result "0-1"]
[WhiteElo "2076"]
[BlackElo "1969"]
[PlyCount "157"]
[EventDate "2021.08.27"]
[EventType "team-tourn (rapid)"]
[EventRounds "9"]
[EventCountry "USA"]
[SourceTitle "CBM 204 Extra"]
[Source "ChessBase"]
[SourceDate "2021.11.30"]
[SourceVersion "1"]
[SourceVersionDate "2021.11.30"]
[SourceQuality "1"]
[WhiteTeam "Puerto Rico"]
[BlackTeam "El Salvador"]
[WhiteTeamCountry "PUR"]
[BlackTeamCountry "ESA"]

1. e4 c5 2. Nf3 Nc6 3. c3 Nf6 4. Bd3 d5 5. exd5 Qxd5 6. Bc2 Bg4 7. h3 Bh5 8. d3 Bxf3 9. Qxf3 Qxf3 10. gxf3 0-0-0 11. Be3 e6 12. Nd2 Bd6 13. 0-0-0 Rd7 14. Rhg1 g6 15. Ne4 Nxe4 16. fxe4 Rhd8 17. f4 b6 18. Rdf1 f5 19. e5 Bf8 20. h4 Ne7 21. h5 Nd5 22. Bd2 Rg7 23. Rg5 Be7 24. Rg2 Rdg8 25. Rfg1 Bf8 26. Rh1 gxh5 27. Rxg7 Rxg7 28. Rxh5 h6 29. Bb3 Nc7 30. Rh2 Rg3 31. Kc2 Kd7 32. a4 Ke7 33. d4 cxd4 34. cxd4 Kf7 35. Bc4 Kg6 36. b4 Kf7 37. Kb2 Ke7 38. b5 Kd7 39. a5 bxa5 40. Bxa5 Rg4 41. Bxc7 Kxc7 42. Bxe6 Rxf4 43. d5 Re4 44. d6+ Kd8 45. Rc2 Bxd6 46. Rc8+ Ke7 47. exd6+ Kxe6 48. Rc6 Rb4+ 49. Kc3 Rxb5 50. d7+ Kxd7 51. Rxh6 a5 52. Ra6 f4 53. Kd3 f3 54. Ke3 Rf5 55. Kf2 Kc7 56. Re6 a4 57. Re4 Ra5 58. Kxf3 a3 59. Re1 Kc6 60. Ra1 Kc5 61. Ke3 Kc4 62. Kd2 Kb3 63. Rb1+ Ka2 64. Rb4 Rc5 65. Kd3 Rc1 66. Kd2 Rb1 67. Ra4 Kb3 68. Ra8 a2 69. Rb8+ Kc4 70. Rc8+ Kd5 71. Rd8+ Kc6 72. Rc8+ Kd7 73. Ra8 a1Q 74. Rxa1 Rxa1 75. Kc3 Ra4 76. Kb3 Rg4 77. Kc2 Rg3 78. Kd2 Kd6 79. Ke2 0-1

[Event "Titled Tuesday intern op 15th June"]
[Site "Chess.com INT"]
[Date "2021.06.15"]
[Round "6"]
[White "Adelman, Charles D"]
[Black "Ortez, Andrea"]
[Result "0-1"]
[WhiteElo "2268"]
[BlackElo "1969"]
[PlyCount "128"]
[EventDate "2021.06.15"]
[EventType "swiss (blitz)"]
[EventRounds "11"]
[EventCountry "USA"]
[SourceTitle "CBM 203 Extra"]
[Source "ChessBase"]
[SourceDate "2021.09.30"]
[SourceVersion "1"]
[SourceVersionDate "2021.09.30"]
[SourceQuality "1"]

1. Nf3 Nf6 2. c4 c5 3. Nc3 d5 4. cxd5 Nxd5 5. g3 Nc6 6. Bg2 Nc7 7. 0-0 e5 8. d3 Be7 9. Nd2 0-0 10. Nc4 f6 11. f4 exf4 12. Bxf4 Ne6 13. Bxc6 bxc6 14. Be3 Nd4 15. Qd2 Re8 16. Ne4 Bg4 17. Rf2 f5 18. Nc3 Bf6 19. Re1 Qe7 20. Bf4 g5 21. Bd6 Qd7 22. Bxc5 f4 23. Ne4 Bg7 24. Ncd6 Nf5 25. Nxf5 Bxf5 26. gxf4 Bxe4 27. fxg5 Qg4+ 28. Kf1 Qh3+ 29. Kg1 Re5 30. dxe4 Qg4+ 31. Rg2 Qxe4 32. e3 Rxc5 33. Rc1 Rxc1+ 34. Qxc1 Re8 35. Rg3 Be5 36. Rg2 Kg7 37. Rc2 Qg4+ 38. Rg2 Qf5 39. h4 Rf8 40. Qe1 c5 41. Qe2 Qf3 42. Qd3 Qf5 43. Qxf5 Rxf5 44. Rd2 Rf3 45. Rd7+ Kg6 46. e4 Bxb2 47. Rxa7 Rf4 48. Re7 Bd4+ 49. Kg2 Rxh4 50. a4 Rg4+ 51. Kf3 Rxg5 52. a5 Re5 53. Rb7 c4 54. a6 c3 55. Rc7 Ra5 56. Rc4 Rxa6 57. Rxd4 Rc6 58. Rd1 c2 59. Rc1 Kf6 60. Ke3 Ke5 61. Kd3 h5 62. Kd2 Kxe4 63. Re1+ Kf3 64. Kc1 Kg2 0-1

[Event "Titled Tuesday intern op 15th June"]
[Site "Chess.com INT"]
[Date "2021.06.15"]
[Round "9"]
[White "Perez Gormaz, Matias Ariel"]
[Black "Ortez, Andrea"]
[Result "1-0"]
[WhiteElo "2413"]
[BlackElo "1969"]
[PlyCount "121"]
[EventDate "2021.06.15"]
[EventType "swiss (blitz)"]
[EventRounds "11"]
[EventCountry "USA"]
[SourceTitle "CBM 203 Extra"]
[Source "ChessBase"]
[SourceDate "2021.09.30"]
[SourceVersion "1"]
[SourceVersionDate "2021.09.30"]
[SourceQuality "1"]

1. e4 c5 2. Nf3 e6 3. g3 Nc6 4. Bg2 g6 5. d4 cxd4 6. Nxd4 Nge7 7. Nb5 Bg7 8. Nd6+ Kf8 9. 0-0 h5 10. h4 b6 11. Nc3 Ba6 12. Re1 Nc8 13. Bg5 f6 14. Bf4 Nxd6 15. Qxd6+ Qe7 16. Qd2 Ne5 17. Rad1 Rd8 18. b3 Kf7 19. a4 d6 20. Nb5 Bxb5 21. axb5 Rd7 22. c4 Rhd8 23. Qe2 Kg8 24. Rd2 Kh7 25. Red1 Bh6 26. Bxh6 Kxh6 27. Bh3 Kg7 28. f4 Nf7 29. Qe3 f5 30. exf5 exf5 31. Qc3+ Qf6 32. Qf3 Nh6 33. Bg2 Ng4 34. Re2 Re7 35. Rxe7+ Qxe7 36. Qc3+ Qf6 37. Qxf6+ Kxf6 38. Bc6 Ne3 39. Ra1 d5 40. Kf2 d4 41. Rxa7 d3 42. Kxe3 d2 43. Bf3 d1Q 44. Bxd1 Rxd1 45. Rc7 Rb1 46. Rc6+ Kg7 47. Rxb6 Rxb3+ 48. Kf2 Kf7 49. Rc6 Ke7 50. b6 Kd7 51. Rxg6 Rb4 52. c5 Rb2+ 53. Kf3 Rb3+ 54. Kg2 Rb2+ 55. Kh3 Rb1 56. Rd6+ Kc8 57. Rd5 Rh1+ 58. Kg2 Rc1 59. Rxf5 Kb7 60. Kh3 Rxc5 61. Rxc5 1-0

[Event "Titled Tuesday intern op 08th June"]
[Site "Chess.com INT"]
[Date "2021.06.08"]
[Round "7"]
[White "Kanyamarala, Tarun"]
[Black "Ortez, Andrea"]
[Result "1-0"]
[WhiteElo "2369"]
[BlackElo "1969"]
[PlyCount "53"]
[EventDate "2021.06.08"]
[EventType "swiss (blitz)"]
[EventRounds "11"]
[EventCountry "USA"]
[SourceTitle "CBM 202 Extra"]
[Source "ChessBase"]
[SourceDate "2021.07.31"]
[SourceVersion "1"]
[SourceVersionDate "2021.07.31"]
[SourceQuality "1"]

1. e4 c5 2. Nf3 e6 3. Nc3 Nc6 4. Bb5 Nge7 5. d4 cxd4 6. Nxd4 a6 7. Be2 Nxd4 8. Qxd4 Nc6 9. Qd1 Be7 10. 0-0 0-0 11. Kh1 b5 12. a3 Bb7 13. f4 d6 14. Be3 Qc7 15. Rf3 Bf6 16. Rh3 Na5 17. Bd3 g6 18. f5 exf5 19. exf5 Nc4 20. Bh6 Rfe8 21. fxg6 hxg6 22. Qg4 Bc8 23. Qf3 Bxh3 24. Qxf6 Bxg2+ 25. Kxg2 Ne3+ 26. Kh1 Nf5 27. Bxf5 1-0

[Event "Titled Tuesday intern op 08th June"]
[Site "Chess.com INT"]
[Date "2021.06.08"]
[Round "5"]
[White "Ortez, Andrea"]
[Black "Fajdetic, Hrvoje"]
[Result "0-1"]
[WhiteElo "1969"]
[BlackElo "2151"]
[PlyCount "70"]
[EventDate "2021.06.08"]
[EventType "swiss (blitz)"]
[EventRounds "11"]
[EventCountry "USA"]
[SourceTitle "CBM 202 Extra"]
[Source "ChessBase"]
[SourceDate "2021.07.31"]
[SourceVersion "1"]
[SourceVersionDate "2021.07.31"]
[SourceQuality "1"]

1. e4 e6 2. d3 d5 3. Nd2 c5 4. g3 Nc6 5. Bg2 Nf6 6. Ngf3 Bd6 7. c3 Bc7 8. Qc2 0-0 9. 0-0 b5 10. Re1 b4 11. Nf1 a5 12. e5 Nd7 13. Bf4 a4 14. a3 bxc3 15. bxc3 Ba6 16. h4 Qb8 17. c4 Ncxe5 18. Nxe5 Bxe5 19. Bxe5 Nxe5 20. cxd5 Nxd3 21. Re3 c4 22. dxe6 fxe6 23. Rb1 Qa7 24. Bxa8 Rxf2 25. Qc3 Rxf1+ 26. Kxf1 Qxe3 27. Qc2 c3 28. Bb7 Ne1+ 29. Bxa6 Nxc2 30. Rb8+ Kf7 31. Rb7+ Kf6 32. Rc7 Nd4 33. Be2 Qxe2+ 34. Kg1 c2 35. Rxc2 Qxc2 0-1